Vom Wesen des Expressionismus im Drama und auf der Bühne /

Hlavní autor: Runge, Erika, 1939-2023
Korporativní autor: Universität München
Jazyk: Němčina
Vydáno: München : E. Runge, 1962
Fyzický popis: 202 s.
Knihy
Uloženo v:
LEADER 00688nam a22002172a 4500
001 001378109
003 CZ BrMZK
005 20140403085510.0
007 ta
008 140403s1962 gw er|||||||||||ger d
040 |a BOA001  |b cze 
100 1 |a Runge, Erika,  |d 1939-2023  |7 mzk2012696919  |4 dis 
245 1 0 |a Vom Wesen des Expressionismus im Drama und auf der Bühne /  |c Erika Runge 
260 |a München :  |b E. Runge,  |c 1962 
300 |a 202 s. 
502 |a Disertace--Universität München, 1962 
710 2 |a Universität München  |7 kn20020322441 
910 |a BOA001  |b 2-0512.247 
990 |a BK 
991 |b 201403 
996 7 |b 2619045193  |c 2-0512.247  |l HP2  |r DEN  |n 0  |w 001413204  |u 000010  |a 1  |e BOA001  |j MZK50  |s A